Idiom meanings and 15 of them - Statistics

General Stats
  • This quiz has been taken 10 times
  • The average score is 4 of 15
Answer Stats
Hint Answer % Correct
Chicken hearted Scared
60%
Hit the sack Go to sleep
50%
Raining cats and dogs Heavy rain
50%
Let the cat out of the bag Tell a secret
50%
Lion hearted Brave
40%
Hit the road Drive
40%
Pulling the leg Joke
30%
Cold feet Nervous
20%
Stone hearted Doesn't care
10%
To hit the head in the nail Make the right point
10%
Hang up the boots Quit
10%
Frog in a well Doesn't know anything else
0%
On the ball Doing a good job
0%
Dont put all those eggs In that basket Have more than one plan
0%
Canary in the coal mine Sensing danger
0%
No matching quizzes found
Score Distribution
Percent of People with Each Score
Percentile by Number Answered
Your Score History
You have not taken this quiz